000 01324nam1a2200265 4500
001 RU\NLR\BIBL_A\022457610
005 20250807185203.0
035 _a(NLR Aleph) 022457610
090 _a80658
_c80658
100 _a20250213d1944 u y0rusy50 ca
101 0 _aarm
102 _aAM
105 _ay z 000yy
200 1 _aԹվաբանական խնդիրների եվ վարժությունների ժողովածու
_eտարրական դպրոցի 3-րդ դասարանի համար
_fՆ.Ս.Պոպով
210 _aԵրեվան
_cՀայպետհրատ
_d1944
215 _a140,[2] с.
_d20
225 1 _aԲնագիրը հաստատված է ՌՍՖՍՌ լուսժողկոմատի կողմից ռուսերեն 10-րդ հրատարակությունից
541 1 _6z01790
_aСборник арифметических задач и упраждений
_zrus
700 1 _aՊոպով
_bՆ. Ս.
_cпедагог-математик
_f1885-1975
_gՆատալյա Սերգեևնա
_3RU\NLR\AUTH\770278752
_4700
790 1 _6z01541
_aПопова
_bН. С.
_cпедагог-математик
_f1885-1975
_gНаталья Сергеевна
_3RU\NLR\AUTH\770198576
_4700
852 _aNLR
_bОНД
_jАрм./2-7373
942 _cBOOK
945 _aРоссийская национальная библиотека
980 _aBV